000 00773nam a22002057a 4500
005 20160901020002.0
008 130828b2008 ec ||||| |||| 00| 0 spa d
020 _a9789942016973
040 _aCO-BoIAVH
_cCO-BoIAVH
041 _aspa
044 _aec
082 0 4 _a574.52
_bE19c
245 0 0 _aComposición y diversidad de la flora y la fauna en cuatro localidades de la provincia del Carchi:
_bun reporte de las evaluaciones ecológicas rápidas
260 _aQuito:
_bEcoCiencia,
_bGobierno Provincial del Carchi,
_c2008.
300 _a119 p.
_btablas
_c27 cm.
650 4 _aDiversidad biológica
_zCarchi (Provincia, Ecuador)
_932872
650 _aFauna
_zCarchi (Provincia, Ecuador)
_932873
650 _aFlora
_zCarchi (Provincia, Ecuador)
_932874
942 _2ddc
_cLIBRO
_01
999 _c7631
_d7631